书目信息 |
| 题名: |
过程控制系统
|
|
| 作者: | 方康玲 主编 | |
| 分册: | ||
| 出版信息: | 武汉 武汉理工大学出版社 2007.02 |
|
| 页数: | 373页 | |
| 开本: | 26cm | |
| 丛书名: | 普通高等学校自动化类专业新编系列教材 | |
| 单 册: | ||
| 中图分类: | TP273 | |
| 科图分类: | ||
| 主题词: | 过程控制--guo cheng kong zhi--控制系统--高等学校--教材 | |
| 电子资源: | ||
| ISBN: | 978-7-5629-2518-7 | |
| 000 | 01197nam 2200289 450 | |
| 001 | 012008988301 | |
| 005 | 20080627103531.71 | |
| 010 | @a978-7-5629-2518-7@dCNY32.00 | |
| 100 | @a20080626d2007 em y0chi0120 ea | |
| 101 | 0 | @achi |
| 102 | @aCN@b420000 | |
| 105 | @aa a 000yy | |
| 106 | @ar | |
| 200 | 1 | @a过程控制系统@Aguo cheng kong zhi xi tong@d= Process control system@f方康玲主编@Ffang kang ling zhu bian@zeng |
| 205 | @a第2版 | |
| 210 | @a武汉@c武汉理工大学出版社@d2007.02 | |
| 215 | @a373页@c图@d26cm | |
| 225 | 2 | @a普通高等学校自动化类专业新编系列教材@Apu tong gao deng xue xiao zi dong hua lei zhuan ye xin bian xi lie jiao cai |
| 320 | @a有书目 (第372-373页) | |
| 330 | @a本书主要内容包括过程控制系统建模方法、过程控制系统设计、PID调节原理、串级控制、特殊控制方法、补偿控制、关联分析与解耦控制、模糊控制、先进过程控制方法以及计算机过程控制系统、集散控制系统等。 | |
| 410 | 0 | @12001 @a普通高等学校自动化类专业新编系列教材 |
| 510 | 1 | @aProcess control system@zeng |
| 606 | 0 | @a过程控制@Aguo cheng kong zhi@x控制系统@x高等学校@j教材 |
| 690 | @aTP273@v4 | |
| 701 | 0 | @a方康玲@Afang kang ling@4主编 |
| 801 | 0 | @aCN@bQSSK@c20080627 |
| 905 | @b729856-57@dTP273@eF213@f2 | |
| 过程控制系统= Process control system/方康玲主编.-第2版.-武汉:武汉理工大学出版社,2007.02 |
| 373页:图;26cm.-(普通高等学校自动化类专业新编系列教材) |
| ISBN 978-7-5629-2518-7:CNY32.00 |
| 本书主要内容包括过程控制系统建模方法、过程控制系统设计、PID调节原理、串级控制、特殊控制方法、补偿控制、关联分析与解耦控制、模糊控制、先进过程控制方法以及计算机过程控制系统、集散控制系统等。 |
| ● |
| 相关链接 |
|
|
|
正题名:过程控制系统
索取号:TP273/F213
 
预约/预借
| 序号 | 登录号 | 条形码 | 馆藏地/架位号 | 状态 | 备注 |
| 1 | 729856 | 207298565 | 自科库301/301自科库 41排6列1层/ [索取号:TP273/F213] | 在馆 | |
| 2 | 729857 | 207298574 | 自科库301/301自科库 41排6列1层/ [索取号:TP273/F213] | 在馆 |